Arche Noah, Touristenklasse : neue Satiren aus Israel
Αποθηκεύτηκε σε:
| Κύριος συγγραφέας: | |
|---|---|
| Μορφή: | Βιβλίο |
| Γλώσσα: | German |
| Δημοσίευση: |
[Germany] :
Rowohlt,
[χ.χ.]
|
| Θέματα: | |
| Ετικέτες: |
Προσθήκη ετικέτας
Δεν υπάρχουν, Καταχωρήστε ετικέτα πρώτοι!
|
MARC
| LEADER | 00000cam a2200000 i 4500 | ||
|---|---|---|---|
| 001 | 1/82119 | ||
| 008 | 050722q19601970 ger d | ||
| 020 | |a 3-499-10756-2 | ||
| 035 | |l 10079442 | ||
| 040 | |a GR-MY-UA |b gre |e aacr | ||
| 041 | 0 | |a ger | |
| 082 | 0 | |a 892.47 |2 (22) | |
| 100 | 1 | |a Kishon, Ephraim. | |
| 245 | 1 | 0 | |a Arche Noah, Touristenklasse : |b neue Satiren aus Israel / |c Ephraim Kishon |
| 260 | |a [Germany] : |b Rowohlt, |c [χ.χ.] | ||
| 300 | |a 170 σ.; |c 19 εκ. | ||
| 650 | 0 | 0 | |a Jews |x Civilization. |
| 650 | 0 | 0 | |a Jews |z Germany. |
| 650 | 0 | 0 | |a Judaism |z Germany. |
| 852 | |a INST |b RHODES |c KRI |e 20050722 |h 892.47 KIS |p 005400028564 |q 005400028564 |t BK |y 0 | ||
| 901 | |a BIBL4-2005-2 | ||
| 909 | |a Ρ |b 121979 | ||
| 970 | |a ΚΟΖΑ |b ΜΑΡΙΑ |z 2005/07/22 | ||